Normal view
MARC view
Entry Personal Name
001 - CONTROL NUMBER
- control field: 32982
003 - CONTROL NUMBER IDENTIFIER
- control field: dpl
005 - DATE AND TIME OF LATEST TRANSACTION
- control field: 20110818104244.0
008 - FIXED-LENGTH DATA ELEMENTS
- fixed length control field: 110818|||a|||||| | ||| d
040 ## - CATALOGING SOURCE
- Original cataloging agency: dpl
- Transcribing agency: dpl
100 ## - HEADING--PERSONAL NAME
- Personal name: जगदीश चन्द
670 ## - SOURCE DATA FOUND
- Source citation: Work cat.: (dpl)49418: जगदीश चन्द, शिक्षा के सिद्धान्त एवं शिक्षण विधियाँ /, 2010
670 ## - SOURCE DATA FOUND
- Source citation: Work cat.: (dpl)49418: जगदीश चन्द, शिक्षा के सिद्धान्त एवं शिक्षण विधियाँ /, 2010
